000 02344nam2a22003851 4500
001 RU\NLR\BIBL_A\010845342
005 20260406051228.0
010 _a978-5-02-036562-9
_bт. 6
021 _aRU
_b2015-60572
_93594
035 _a(NLR Aleph) 010845342
090 _a10347938
_c10347938
100 _a20150921d2014 |||y0rusy50 ca
101 0 _arus
102 _aRU
105 _aacb|z|||001zy
200 1 _aДинастия Цин ( 1644-1911)
_f[С.Л. Тихвинский, О.Е. Непомним, Т.А. Пан и др.]
_gотв. ред.: д.ист.н. О.Е. Непомним
210 _d2014
_aБ. м.
215 _a886 с., [12] л. цв. ил., портр.
_cил., портр., карт.
225 1 _aИстория Китая
320 _aБиблиогр.: с. 818-836
320 _aУказатели имен и геогр. назв.: с. 837-869
461 0 _1001RU\NLR\BIBL_A\010103868
_12000#$aИстория Китая с древнейших времен до начала XXI века$eв 10 т.$fРос. акад. наук, Ин-т Дальнего Востока$gгл. ред. акад. РАН Л.С. Тихвинский$vТ. 6
_99941970
_cМосква
_d2013
_fРос. акад. наук, Ин-т Дальнего Востока
_nНаука
_oв 10 т.
_tИстория Китая с древнейших времен до начала XXI века
_y9785020365308
_vТ. 6
602 _aЦин (династия)
_f17 - 20 вв.
_92078126
_3RU\NLR\AUTH\661253951
607 _aКитай
_xИстория
_z1644 - 1912
_92421332
_3RU\NLR\AUTH\661441940
686 1 _aТ3(5Кит)5,022.1
701 1 _8rus
_7ca
_aТихвинский
_bС. Л.
_f1918-
_gСергей Леонидович
_3RU\NLR\AUTH\776554
_9116505
701 1 _8rus
_7ca
_aНепомнин
_bО. Е.
_f1935-
_gОлег Ефимович
_3RU\NLR\AUTH\77100715
_983641
701 1 _8rus
_7ca
_aПан
_bТ. А.
_cканд. ист. наук
_f1955-
_gТатьяна Александровна
_3RU\NLR\AUTH\7759544
_942475
722 _8rus
_aЦин
_cдинастия
_f1644-1912
_7ca
_3RU\NLR\AUTH\7759542
_942473
852 _aNLR
_bОЛСАА-сл-спр
_j4-1580/6
942 _cBOOK
980 _aNB
980 1 _aSL_SPR